000 00543nam a22001937a 4500
005 20141211162508.0
010 _aENG-111320
020 _a9789383098637
_c495.00
035 _aEN-94852
037 _bDBAD/PUB
082 _aN
100 _aGupta, Abhijit
245 _aThe copper sky /
_c by Abhijit Gupta ; edited by Upama Biswas
260 _aNew Delhi
_bNiyogi Books
_c2015
270 _aD-78, Okhla Industrial Area, Phase-I
_bNew Delhi
_e110020
300 _a407p.
_c23cm(pbk)
700 _aBiswas, Upama
942 _2ddc
_cEN
_mGUP
_hN
999 _c90223
_d90223